| 000 | 00894nam0a22002651 4500 | ||
|---|---|---|---|
| 001 | rc\271461 | ||
| 005 | 20250621004320.0 | ||
| 010 |
_a5-10-000642-0 _933000 |
||
| 035 | _a(NLR Aleph) 005481852 | ||
| 090 |
_a5128607 _c5128607 |
||
| 100 | _a20030307d1990 |||y0rusy50 ca | ||
| 101 | 0 | _arus | |
| 102 | _aRU | ||
| 105 | _aa ||||||||| | ||
| 200 | 1 |
_aЯщур _f[А.Н. Бурдов, А.И. Дудников, П.В. Малярец и др.] _gПод ред. А.Н. Бурдова |
|
| 210 |
_aМ. _cАгропромиздат _d1990 |
||
| 215 |
_a319, [1] с. _cил. _d22 |
||
| 300 | _aАвт. указаны на обороте тит. л. | ||
| 320 | _aБиблиогр.: с. 305-318 (411 назв.) | ||
| 701 | 1 |
_aБурдов _bА.Н. _gАлександр Николаевич |
|
| 801 | 0 |
_aRU _bNLR _gpsbo |
|
| 801 | 1 |
_aRU _bELAR _2rusmarc |
|
| 852 |
_aNLR _j90-3/2530 |
||
| 942 | _cBOOK | ||
| 980 | _aNB | ||